[Event "EGY-chT"]
[Site "Egypt"]
[Date "2016.05.12"]
[Round "8.2"]
[White "Kamel, Mahmoud"]
[Black "Fatehy, Tarek"]
[Result "1/2-1/2"]
[WhiteElo "2221"]
[BlackElo "2238"]
[PlyCount "120"]
[EventDate "2016.05.05"]
[EventType "team-tourn"]
[EventRounds "9"]
[EventCountry "EGY"]
[SourceTitle "CBM 172 Extra"]
[Source "ChessBase"]
[SourceDate "2016.06.21"]
[SourceVersion "1"]
[SourceVersionDate "2016.06.21"]
[SourceQuality "1"]
[WhiteTeam "Hawamdia"]
[BlackTeam "Abo Simbel"]
[WhiteTeamCountry "EGY"]
[BlackTeamCountry "EGY"]

1. e4 e5 2. Nf3 Nc6 3. Nc3 Bc5 4. Nxe5 Bxf2+ 5. Kxf2 Nxe5 6. d4 Ng6 7. Bc4 d6 8. Rf1 Be6 9. Bxe6 fxe6 10. Kg1 Qe7 11. d5 Nf6 12. dxe6 Qxe6 13. Nd5 Nxd5 14. exd5 Qe7 15. Qd4 Rf8 16. Bd2 Ne5 17. Bf4 b6 18. Rfe1 0-0-0 19. Bxe5 dxe5 20. Rxe5 Qf6 21. h3 Qf4 22. Re4 Qf6 23. Qxf6 Rxf6 24. c4 c6 25. Rd1 cxd5 26. cxd5 Kd7 27. Rh4 h6 28. Rg4 g6 29. Rh4 g5 30. Ra4 a5 31. Rc4 Re8 32. Rdc1 Ref8 33. Rc6 h5 34. Kh2 h4 35. Kg1 Ke7 36. Rxf6 Rxf6 37. Rc7+ Kd8 38. Rc6 Rf5 39. Rxb6 Rxd5 40. Kf2 Kc7 41. Rb3 Rf5+ 42. Ke3 Kc6 43. Rb8 Kd6 44. Rb6+ Kc5 45. Rb8 Rd5 46. Kf3 Rd3+ 47. Ke2 Rd5 48. a3 Kc4 49. b3+ Kc3 50. a4 Rd2+ 51. Kf1 Rd1+ 52. Kf2 Rd2+ 53. Kg1 Rd3 54. Rb5 Rg3 55. Rxa5 Kxb3 56. Ra6 Kb4 57. Ra8 Rc3 58. a5 Kb5 59. Rg8 Rc5 60. Ra8 Rc1+ 1/2-1/2

[Event "EGY-chT"]
[Site "Egypt"]
[Date "2016.05.10"]
[Round "6.2"]
[White "Ezat, Mohamed Mahmoud"]
[Black "Fatehy, Tarek"]
[Result "1-0"]
[WhiteElo "2469"]
[BlackElo "2238"]
[PlyCount "42"]
[EventDate "2016.05.05"]
[EventType "team-tourn"]
[EventRounds "9"]
[EventCountry "EGY"]
[SourceTitle "CBM 172 Extra"]
[Source "ChessBase"]
[SourceDate "2016.06.21"]
[SourceVersion "1"]
[SourceVersionDate "2016.06.21"]
[SourceQuality "1"]
[WhiteTeam "Sharkia Dokhan"]
[BlackTeam "Abo Simbel"]
[WhiteTeamCountry "EGY"]
[BlackTeamCountry "EGY"]

1. d4 d5 2. c4 c6 3. Nc3 Nf6 4. cxd5 cxd5 5. Bf4 a6 6. e3 g6 7. Bd3 Bg7 8. h3 Nc6 9. Nf3 0-0 10. Rc1 h6 11. a3 Re8 12. 0-0 e6 13. Na4 Nd7 14. b4 f5 15. b5 axb5 16. Bxb5 Qa5 17. Bxc6 bxc6 18. Nc5 Nxc5 19. Rxc5 Qxa3 20. Rxc6 Ra6 21. Qc2 Bd7 1-0

[Event "Cairo Egyptian op"]
[Site "Cairo"]
[Date "2016.04.26"]
[Round "7"]
[White "Fatehy, Tarek"]
[Black "Abdel Aziz, Ahmed"]
[Result "1/2-1/2"]
[WhiteElo "2215"]
[BlackElo "2065"]
[PlyCount "59"]
[EventDate "2016.04.22"]
[EventType "swiss"]
[EventRounds "9"]
[EventCountry "EGY"]
[SourceTitle "CBM 172 Extra"]
[Source "ChessBase"]
[SourceDate "2016.06.21"]
[SourceVersion "1"]
[SourceVersionDate "2016.06.21"]
[SourceQuality "1"]

1. d4 d5 2. c4 c6 3. Nc3 Nf6 4. e3 g6 5. Nf3 Bg7 6. Bd3 0-0 7. 0-0 Nbd7 8. cxd5 Nxd5 9. Bd2 Nxc3 10. Bxc3 e5 11. dxe5 Nxe5 12. Nxe5 Bxe5 13. Qc2 f5 14. Be2 Qd7 15. Bf3 Qc7 16. h3 f4 17. Bd2 Bf5 18. Qd1 Rf7 19. Bc3 Bxc3 20. bxc3 Rd8 21. Qe2 Rd3 22. Rad1 Rfd7 23. Rxd3 Rxd3 24. Rd1 Rxd1+ 25. Qxd1 Qe7 26. Qd2 Qe6 27. Kh2 Qxa2 28. Qd8+ Kg7 29. Qe7+ Qf7 30. Qe5+ 1/2-1/2

[Event "Golden Cleopatra op 6th"]
[Site "Cairo"]
[Date "2002.04.08"]
[Round "2"]
[White "Blehm, Pawel"]
[Black "Fatehy, Tarek"]
[Result "1/2-1/2"]
[WhiteElo "2535"]
[BlackElo "2136"]
[PlyCount "57"]
[EventDate "2002.04.07"]
[EventType "swiss"]
[EventRounds "11"]
[EventCountry "EGY"]
[SourceTitle "CBM 087 Extra"]
[Source "ChessBase"]
[SourceDate "2002.05.03"]
[SourceVersion "2"]
[SourceVersionDate "2002.08.09"]
[SourceQuality "1"]

1. e4 e6 2. d4 d5 3. Nd2 dxe4 4. Nxe4 Nd7 5. Nf3 Ngf6 6. Nxf6+ Nxf6 7. c3 Be7 8. Be3 0-0 9. Bd3 b6 10. Qc2 Bb7 11. 0-0-0 c5 12. Rhe1 Qc7 13. Ne5 cxd4 14. Bxd4 Bc5 15. Bxc5 bxc5 16. g4 g6 17. h4 c4 18. Bxc4 Rad8 19. g5 Rxd1+ 20. Qxd1 Rd8 21. Qc2 Nd7 22. Nxd7 Rxd7 23. Qa4 Qf4+ 24. Re3 Rd8 25. Qa5 Qd6 26. Rd3 Qf4+ 27. Re3 Qd6 28. Rd3 Qf4+ 29. Re3 1/2-1/2